Takeaway english 4 : (Record no. 284716)
[ view plain ]
| 000 -LEADER | |
|---|---|
| fixed length control field | 00721nam a22001937a 4500 |
| 003 - CONTROL NUMBER IDENTIFIER | |
| control field | PILC |
| 005 - DATE AND TIME OF LATEST TRANSACTION | |
| control field | 20190111155044.0 |
| 008 - FIXED-LENGTH DATA ELEMENTS--GENERAL INFORMATION | |
| fixed length control field | 150604b xxu||||| |||| 00| 0 eng d |
| 020 ## - INTERNATIONAL STANDARD BOOK NUMBER | |
| International Standard Book Number | 9786071505965 |
| 050 ## - LIBRARY OF CONGRESS CALL NUMBER | |
| Classification number | PE 1001 .L897 te4tg .2012 |
| 100 ## - MAIN ENTRY--PERSONAL NAME | |
| Personal name | Loveday, Peter |
| 245 ## - TITLE STATEMENT | |
| Title | Takeaway english 4 : |
| Remainder of title | : english for success : teacher's guide / |
| Statement of responsibility, etc | Peter Loveday., Melissa Koop., Sally Trowbridge. -- |
| 260 ## - PUBLICATION, DISTRIBUTION, ETC. (IMPRINT) | |
| Place of publication, distribution, etc | New York, |
| Name of publisher, distributor, etc | McGraw Hill |
| Date of publication, distribution, etc | 2012 |
| 300 ## - PHYSICAL DESCRIPTION | |
| Extent | 390 pages., |
| Other physical details | col.,ill., |
| Dimensions | ; 27 cm. |
| Accompanying material | Teacher's Guide |
| 500 ## - GENERAL NOTE | |
| General note | Includes answer keys and audio lists. |
| 650 ## - SUBJECT ADDED ENTRY--TOPICAL TERM | |
| Topical term or geographic name as entry element | English Language |
| 700 ## - ADDED ENTRY--PERSONAL NAME | |
| Personal name | Koop, Melissa., Sally Trowbridge. |
| 942 ## - ADDED ENTRY ELEMENTS (KOHA) | |
| Source of classification or shelving scheme | Library of Congress Classification |
| Koha item type | Books |
| Classification part | PE 1001 .L897 te4tg 2012 |
| Withdrawn status | Lost status | Source of classification or shelving scheme | Damaged status | Home library | Current library | Shelving location | Date acquired | Source of acquisition | Total Checkouts | Total Renewals | Full call number | Barcode | Date last seen | Date checked out | Price effective from | Koha item type |
|---|---|---|---|---|---|---|---|---|---|---|---|---|---|---|---|---|
| Library of Congress Classification | Luxembourg Library | Luxembourg Library | Teachers Reference Section | 06/04/2015 | Donation | 2 | 2 | PE 1001 .L897 te4tg 2012 | 19952 | 03/16/2017 | 12/05/2016 | 06/04/2015 | Books | |||
| Library of Congress Classification | Luxembourg Library | Luxembourg Library | Teachers Reference Section | 07/07/2015 | Donation | 3 | 4 | PE 1001 .L897 te4tg 2012 | 20074 | 04/25/2018 | 07/24/2017 | 07/07/2015 | Books |